| 000 | 00726 a2200241 4500 | ||
|---|---|---|---|
| 999 |
_c458060 _d458060 |
||
| 003 | UA-OsUOA | ||
| 005 | 20200225160206.0 | ||
| 008 | 200210b un ||||| |||| 00| 0 ukr d | ||
| 020 | _a9664070123 | ||
| 040 |
_aUA-OsUOA _bukr _cUA-OsUOA _dUA-OsUOA |
||
| 041 | _aukr | ||
| 080 | _a908 | ||
| 090 |
_a908 _bТ18 |
||
| 100 | _aТанащик Д. | ||
| 245 |
_aЧернівці _cД. Танащик |
||
| 260 |
_c2006 _aЧернівці |
||
| 300 |
_a128 с. _bіл. |
||
| 650 |
_2UDC _a908 Краєзнавство |
||
| 700 | 1 | _aТанащик Д. | |
| 942 |
_cBK _2udc |
||
| 955 | _a1 | ||